000 00665nam a22002177a 4500
005 20150416144253.0
008 140714b xxu||||| |||| 00| 0 Urdu d
010 _aUR-8830
020 q _c200.00
035 _aU-7385
037 _bDBAD/Pub.
040 _aDPL
_bUrdu
082 _a270
100 _aمو لف: عبد ا لسميع صو فی
245 _aسبز حا شيہ
_bمو لف: عبد ا لسميع صو فی
246 _aSubz Hashia
_bByAbdulsami Sufi
260 _aGoa
_bMaktaba Ahrar,
_c2014
270 _aPonda Naga Masjid Ponda
_bGoa
_e403401
_k09960719466
300 _a376ص
_b22C.m.(PB)
942 _2ddc
_cUR
_h270
_mع ب د
999 _c93011
_d93011